Players for Pulse Clan | Rocket League - Statistics

General Stats
  • This quiz has been taken 30 times
    10 since last reset
  • The average score is 10 of 31
Answer Stats
Style Pulse Member Country % Correct
FS/CCH Jxsh UK
78%
FS Maktuf Mexico
67%
Owner/Team FS MK Germany
67%
Comp/CCH Breezi UK
56%
FS Faith USA
56%
FS Flytz France
56%
CCH Entity Netherlands
44%
CCH Eska France
44%
Comp/WCBC Eva USA
44%
FS Gappled France
44%
CCH Henkovic Sweden
44%
NF/FS Jaxxo Netherlands
44%
FS Proptical USA
44%
Comp Realize Japan
44%
CCH Reshiram France/Poland
44%
MLG Blu USA
33%
NF Kairyu Germany
33%
CCH Mesko USA
33%
Comp Hntr Australia
22%
CCH madmaxrk USA
22%
CCH Sting UK
22%
NF Truxy Turkey
22%
Comp AcroniK Portugal
11%
Comp/CCH Cryypto UK
11%
Comp/CCH Fusure Ireland
11%
Comp Kash UK
11%
Comp/CCH Nex Germany
11%
NF smp Russia
11%
Comp/CCH Leviathan Slovenia
0%
Comp Maxeew Ireland
0%
CCH/Comp Pethy UK
0%
No matching quizzes found
Score Distribution
Percent of People with Each Score
Percentile by Number Answered
Your Score History
You have not taken this quiz since the last reset